000 01031cam a2200253 4500
008 000000n2001 000 0 eng u
020 _a1860814913
035 _a(Sirsi) u116061
050 _a621.31042
100 _aBromley, Ken
110 _aBuilding Research Establishment
245 _aPrefabricated power cabling for buildings: procuring, installing and testing
260 _aLondon
_bCRC Ltd
_c2001
300 _a6p. ; 30cm.
490 _aBRE Digest
_v456
520 _aPrefabricated cabling systems for lighting and small power distribution in buildings present significant opportunities for improvements in speed of installing systems and equipment. This Digest presents guidance on procuring and installing prefabricated cabling systems, including a suggested procedure for on-site inspection and testing of products
650 _aLIGHTING
650 _aPOWER CABLES
650 _aPREFABRICATION
690 _aBlock management
_96220
700 _aGraves, Hilary
700 _aRoche, Liam
942 _n0
999 _c101821
_d101821